书目信息 |
| 题名: |
走近经济学大师
|
|
| 作者: | 迈克尔·帕金 著 ;梁小民 译 | |
| 分册: | ||
| 出版信息: | 北京 华夏出版社 2001.10 |
|
| 页数: | 189页 | |
| 开本: | 21cm | |
| 丛书名: | ||
| 单 册: | ||
| 中图分类: | F0-49 | |
| 科图分类: | ||
| 主题词: | 经济学--研究 | |
| 电子资源: | ||
| ISBN: | 7-5080-2552-0 | |
| 000 | 00627nam0 2200205 45 | |
| 001 | 0201271624 | |
| 005 | 20031219104053.2 | |
| 010 | @a7-5080-2552-0@dCNY20.00 | |
| 100 | @a20020127d2001 km y0chiy0120 ea | |
| 101 | 0 | @achi@ceng |
| 105 | @aa z 000yy | |
| 200 | 1 | @a走近经济学大师@AZou Jin Jing Ji Xue Da Shi@f(英)迈克尔·帕金著@F(Ying)Mai Ke Er·Pa Jin Zhu@g梁小民译 |
| 210 | @a北京@c华夏出版社@d2001.10 | |
| 215 | @a189页@c插图@d21cm | |
| 606 | 0 | @a经济学@x研究 |
| 690 | @aF0-49@v4 | |
| 701 | 0 | @a迈克尔·帕金@4著 |
| 702 | 0 | @a梁小民@ALiang Xiao Min@4译 |
| 801 | @aCN@bTSTC@c20020127 | |
| 905 | @b305903-905@dF0-49@e154@f3 | |
| 走近经济学大师/(英)迈克尔·帕金著/梁小民译.-北京:华夏出版社,2001.10 |
| 189页:插图;21cm |
| ISBN 7-5080-2552-0:CNY20.00 |
| ● |
| 相关链接 |
|
|
|
|
正题名:走近经济学大师
索取号:F0-49/154
 
预约/预借
| 序号 | 登录号 | 条形码 | 馆藏地/架位号 | 状态 | 备注 |
| 1 | 0305903 | 203059037 | 第一借阅区/ [索取号:F0-49/154] | 在馆 | |
| 2 | 0305904 | 203059046 | 第一借阅区/ [索取号:F0-49/154] | 在馆 | |
| 3 | 0305905 | 203059055 | 第一样本阅览室/ [索取号:F0-49/154] | 在馆 |